Balasan budi
| Main Author: | |
|---|---|
| Format: | Book |
| Published: |
Kuala Lumpur :
Pustaka Sistem Pelajaran ,
1978
|
| Subjects: |
MARC
| LEADER | 00000cam a2200000 7i4500 | ||
|---|---|---|---|
| 001 | 0000006894 | ||
| 002 | 000007426 | ||
| 005 | 20000330.0 | ||
| 020 | |a T000000575 | ||
| 090 | 0 | 0 | |a JF |b MOK |
| 100 | 0 | |a Mokhtar Jamaluddin | |
| 245 | 1 | 0 | |a Balasan budi |c Mokhtar Jamaluddin |
| 260 | |a Kuala Lumpur : |b Pustaka Sistem Pelajaran , |c 1978 | ||
| 300 | |a 56p. : |b ill ; |c 17cm. | ||
| 650 | 0 | 0 | |a Children's stories, Malay |
| 999 | |a 0001610 |b BUKU |c PINJAMAN |e PERPUSTAKAAN KOMUNITI PETALING JAYA | ||